000 00588nam a2200229Ia 4500
003 OSt
005 20230331121957.0
008 210423s2017 xx 000 0 und d
020 _a978-81-7201-674-6
040 _cAL
041 _aeng
082 _a891.2409
_223
_bKRIB
100 _aKRISHNAMOORTHY (K)
_980875
245 _aBanabhatta
260 _aNew Delhi
_bSahitya Akademi
_c2017
300 _avii,92
_bPB
365 _b50
_cINR
440 _aMakers of Indian literature
_980876
650 _aLiterature of other languages
_980877
906 _aBanabhatta
942 _2ddc
_cBK
999 _c168920
_d168920